Album con più di 5 settimane primi in FIMI (2020-2025) - Statistics

Statistiche generali
  • Questo quiz è stato fatto 27 volte
  • Il punteggio medio è 7 su 13
Statistiche sulle risposte
Numero di Settimane Anno di uscita Cantente Album % Corretto
13 2023 Tedua La Divina Commedia
78%
6 2020 Sfera Ebbasta Famoso
70%
5 2021 Marracash Noi, loro, gli altri
70%
21 2022 Lazza Sirio
65%
9 2024 Anna Vera Baddie
61%
6 2023 Sfera Ebbasta X2VR
61%
5 2024 Tony Effe Icon
57%
6 2021 Rkomi Taxi Driver
57%
5 2024 Marracash È finita la pace
48%
6 2023 Geolier Il coraggio dei bambini
48%
6 2024 Olly Tutta vita
39%
6 2020 Guè Pequeno Mr. Fini
35%
6 2021 Sangiovanni Sangiovanni
17%
Nessun quiz corrispondente trovato
Distribuzione punteggi
Percentuale di utenti per punteggio
Percentile per numero di risposta
I tuoi punteggi nel tempo
Non hai fatto questo quiz